[Event "Barranquilla Region-ch"]
[Site "Barranquilla"]
[Date "2020.01.05"]
[Round "4"]
[White "Torres Rodriguez, Diego"]
[Black "Nardey de Moya, Luis Alfredo"]
[Result "0-1"]
[WhiteElo "1277"]
[BlackElo "1196"]
[PlyCount "34"]
[EventDate "2020.01.04"]
[EventType "swiss"]
[EventRounds "6"]
[EventCountry "COL"]
[SourceTitle "CBM 194 Extra"]
[Source "ChessBase"]
[SourceDate "2020.03.31"]
[SourceVersion "1"]
[SourceVersionDate "2020.03.31"]
[SourceQuality "1"]

1. e4 e5 2. Nf3 Nc6 3. Nc3 Nf6 4. Bc4 Bb4 5. Bb5 0-0 6. 0-0 d5 7. exd5 Nxd5 8. Re1 Nxc3 9. dxc3 Qxd1 10. Rxd1 e4 11. Nh4 Bg4 12. Bd2 Bxd1 13. Rxd1 Be7 14. Re1 Bxh4 15. Rxe4 Rfd8 16. Rxh4 Rxd2 17. Bxc6 Rd1# 0-1